000 00482nam a2200193 a 4500
001 BRCA_5682
005 20190320205159.0
008 080411s1909----nyu#######---#000-0#eng-#
041 _aeng
044 _anyu
050 4 _aHE7676
_b.P75 1909
245 1 0 _aPrivate Telegraphic Code of Hallgarten and Co.
260 _aNew York
_bJohn W. Hartfield
_c1909
300 _a114 p.
_c22 cm.
500 _aH4
650 1 4 _aCódigo de telégrafo
_914437
902 _aGFM
942 _2lcc
_cB
999 _c5375
_d5375